| Tag |
First Indicator |
Second Indicator |
Subfields |
| LEADER |
00000cam a2200000 i 4500 |
| 001 |
in00000367413 |
| 005 |
20151011081334.0 |
| 008 |
770518s1976 idu b 00010 eng |
| 010 |
|
|
|a 76045133
|
| 020 |
|
|
|a 0884300226 :
|c $1.50
|
| 035 |
|
|
|a (OCoLC)02980756
|
| 035 |
|
|
|9 ABP9375AM
|
| 040 |
|
|
|a DLC
|c DLC
|d TXA
|d UtOrBLW
|
| 049 |
|
|
|a TXAS
|c [1098024]
|
| 050 |
0 |
0 |
|a PS1043
|b .M3
|
| 082 |
0 |
|
|a 813/.5/2
|
| 100 |
1 |
|
|a McClure, Charlotte S.
|
| 245 |
1 |
0 |
|a Gertrude Atherton /
|c by Charlotte S. McClure.
|
| 264 |
|
1 |
|a Boise :
|b Boise State University,
|c [1976]
|
| 264 |
|
4 |
|c ©1976
|
| 300 |
|
|
|a 47 pages ;
|c 21 cm.
|
| 336 |
|
|
|a text
|b txt
|2 rdacontent
|
| 337 |
|
|
|a unmediated
|b n
|2 rdamedia
|
| 338 |
|
|
|a volume
|b nc
|2 rdacarrier
|
| 490 |
1 |
|
|a Boise State University Western writers series ; no. 23
|
| 504 |
|
|
|a Bibliography: pages 43-47.
|
| 600 |
1 |
0 |
|a Atherton, Gertrude Franklin Horn,
|d 1857-1948
|x Criticism and interpretation.
|
| 830 |
|
0 |
|a Boise State University western writers series ;
|v no. 23.
|
| 999 |
|
|
|a MARS
|
| 999 |
f |
f |
|s 6f2fd715-58d0-3eb9-97e9-f852e73a923f
|i f913bdaa-18f6-30e5-807c-d22866c9ff60
|t 0
|
| 952 |
f |
f |
|p noncirc
|a Texas A&M University
|b College Station
|c Cushing Memorial Library & Archives
|d Cushing: Dykes (Does not check out)
|t 0
|e PS1043 .M3
|f Vertical File
|h Library of Congress classification
|i unmediated -- volume
|m A14851881814
|
| 998 |
f |
f |
|a PS1043 .M3
|t 0
|l Cushing: Dykes (Does not check out)
|